|
|
|
|
| LEADER |
00000nam0a2200000 4500 |
| 001 |
195910 |
| 005 |
20231101224645.0 |
| 010 |
|
|
|a 9785942113995
|
| 035 |
|
|
|a (RuTPU)RU\TPU\book\213725
|
| 090 |
|
|
|a 195910
|
| 100 |
|
|
|a 20110517d2010 k y0rusy50 ca
|
| 101 |
0 |
|
|a rus
|
| 102 |
|
|
|a RU
|
| 105 |
|
|
|a a z 001zd
|
| 200 |
1 |
|
|a Выпускник горного института барон Петр Врангель: жизнь и судьба
|f В. Г. Афанасьев, Ф. Л. Севастьянов, И. В. Волошина
|g Санкт-Петербургский государственный горный институт им. Г. В. Плеханова (технический университет) (СПбГГИ (ТУ))
|
| 210 |
|
|
|a СПб.
|c Изд-во СПбГИ
|d 2010
|
| 215 |
|
|
|a 199 с.
|c ил.
|
| 320 |
|
|
|a Библиогр.: с. 193-197.
|
| 330 |
|
|
|a В биографическом исследовании о бароне П.Н. Врангеле рассматриваются отдельные периоды жизни этого исторического деятеля: учеба в Горном институте, военная карьера, деятельность в период Гражданской войны и эмиграции. Монография написана на основе имеющихся источников: архивных документов, законодательных актов, мемуаров и периодической печати - с широким привлечением новейшей научной литературы. Работа выполнена коллективом преподавателей и сотрудников кафедры истории и политологии Санкт-Петербургского государственного горного института (технического университета). Для специалистов в области изучения отечественной истории, студентов, аспирантов и широкого круга читателей.
|
| 600 |
|
1 |
|a Врангель
|g Петр Николаевич
|b П. Н.
|c российский генерал-лейтенант
|f 1878-1928
|c один из руководителей Белого движения
|c барон
|2 stltpush
|3 (RuTPU)RU\TPU\pers\330
|
| 606 |
1 |
|
|a Деятели контрреволюционного движения в России
|x Персоналии
|2 stltpush
|3 (RuTPU)RU\TPU\subj\70655
|9 84860
|
| 610 |
1 |
|
|a Россия
|
| 610 |
1 |
|
|a история
|
| 610 |
1 |
|
|a 19 век
|
| 610 |
1 |
|
|a 20 век
|
| 610 |
1 |
|
|a семья
|
| 610 |
1 |
|
|a студенческие годы
|
| 610 |
1 |
|
|a Горный институт
|
| 610 |
1 |
|
|a военная карьера
|
| 610 |
1 |
|
|a Белое движение
|
| 686 |
|
|
|a Т3(2)612-414.8
|v LBC/SL-A
|2 rubbk
|
| 700 |
|
1 |
|a Афанасьев
|b В. Г.
|g Владимир Георгиевич
|
| 701 |
|
1 |
|a Севастьянов
|b Ф. Л.
|g Федор Леонидович
|
| 701 |
|
1 |
|a Волошина
|b И. В.
|g Ирина Валерьевна
|
| 712 |
0 |
2 |
|a Санкт-Петербургский государственный горный институт им. Г. В. Плеханова (технический университет) (СПбГГИ (ТУ))
|c (1991- )
|2 stltpush
|3 (RuTPU)RU\TPU\col\54
|
| 801 |
|
1 |
|a RU
|b 63413507
|c 20110517
|
| 801 |
|
2 |
|a RU
|b 63413507
|c 20110524
|g RCR
|
| 942 |
|
|
|c BK
|